[Event "8MCR_4D_1L_4S"]
[Site "?"]
[Date "2008.??.??"]
[Round "?"]
[White "Krizek, Alex"]
[Black "Karasova, Eva"]
[Result "0-1"]
[WhiteElo "1956"]
[BlackElo "1900"]
[PlyCount "82"]
[EventDate "2008.??.??"]
[EventType "corr"]

1. e4 e5 2. Nf3 Nc6 3. Bb5 a6 4. Ba4 Nf6 5. O-O b5 6. Bb3 Bb7 7. d3 Be7 8. a3
O-O 9. Be3 d5 10. exd5 Nxd5 11. Nbd2 Nxe3 12. fxe3 Kh8 13. e4 Nb8 14. Qe2 Nd7
15. c3 Bf6 16. Bc2 c5 17. a4 Qb6 18. Qe3 Kg8 19. axb5 axb5 20. Bb3 Qd6 21. Rxa8
Rxa8 22. Rd1 Nb6 23. Rf1 h6 24. Qf2 Qc7 25. Qe2 Ra7 26. Ne1 Na4 27. Nb1 c4 28.
dxc4 Qb6+ 29. Kh1 Nc5 30. Bc2 bxc4 31. Nd2 Qxb2 32. Qxc4 Ne6 33. Qb3 Qxb3 34.
Bxb3 Nc5 35. Bd5 Bxd5 36. exd5 Ra4 37. g3 e4 38. Nb1 Ra2 39. Ng2 Nd3 40. c4
Nf2+ 41. Kg1 Nh3+ 0-1

[Event "8MCR_4D_1L_4S"]
[Site "?"]
[Date "2008.??.??"]
[Round "?"]
[White "Krizek, Alex"]
[Black "Mudra, Oldrich"]
[Result "0-1"]
[WhiteElo "1956"]
[BlackElo "2116"]
[PlyCount "68"]
[EventDate "2008.??.??"]
[EventType "corr"]

1. e4 c6 2. Nf3 d5 3. exd5 cxd5 4. d4 Nf6 5. Bd3 Nc6 6. O-O Bg4 7. c3 Qb6 8. b3
Qc7 9. h3 Bh5 10. Na3 a6 11. Nc2 e6 12. Re1 Be7 13. Ba3 Bxa3 14. Nxa3 O-O 15.
Nb1 Rae8 16. g4 Bg6 17. Bxg6 fxg6 18. Qd3 Ne4 19. Nbd2 Nxf2 20. Kxf2 Qh2+ 21.
Ke3 e5 22. Qf1 Qf4+ 23. Kd3 e4+ 24. Kc2 Rc8 25. Kb2 exf3 26. Qd3 Qh6 27. Nxf3
Qxh3 28. Ne5 Rf2+ 29. Ka3 Qh2 30. c4 Nxe5 31. dxe5 Rc5 32. Qe3 Rxa2+ 33. Rxa2
Ra5+ 34. Kb4 Qxa2 0-1

[Event "8MCR_4D_1L_4S"]
[Site "?"]
[Date "2008.??.??"]
[Round "?"]
[White "Krizek, Alex"]
[Black "Schoupal, Patrik"]
[Result "0-1"]
[WhiteElo "1956"]
[BlackElo "2000"]
[PlyCount "50"]
[EventDate "2008.??.??"]
[EventType "corr"]

1. e4 c5 2. Nf3 d6 3. d4 cxd4 4. Nxd4 Nf6 5. Nc3 a6 6. Bc4 e6 7. O-O b5 8. Bb3
Be7 9. f4 Bb7 10. e5 dxe5 11. fxe5 Bc5 12. Be3 Nc6 13. exf6 Bxd4 14. Nd5 Bxe3+
15. Nxe3 gxf6 16. Qh5 Ne5 17. Rae1 Qd6 18. Rxf6 O-O-O 19. Rf2 Rhg8 20. a4 Qc5
21. Kh1 bxa4 22. Bxa4 Rd4 23. Qxh7 Rgd8 24. Bb3 Re4 25. Rfe2 Rxe3 0-1

[Event "8MCR_4D_1L_4S"]
[Site "?"]
[Date "2008.??.??"]
[Round "?"]
[White "Krizek, Alex"]
[Black "Sojka, Vaclav"]
[Result "0-1"]
[WhiteElo "1956"]
[BlackElo "2000"]
[PlyCount "78"]
[EventDate "2008.??.??"]
[EventType "corr"]

1. e4 c5 2. Nf3 Nc6 3. d4 cxd4 4. Nxd4 Nf6 5. Nc3 e5 6. Ndb5 d6 7. Bg5 a6 8.
Bxf6 gxf6 9. Na3 b5 10. Nd5 Bg7 11. Bd3 Ne7 12. Nxe7 Qxe7 13. O-O O-O 14. c4 f5
15. cxb5 d5 16. exd5 e4 17. Qe2 Qb4 18. Bc4 Qxb2 19. Nc2 axb5 20. Rab1 Qf6 21.
Rxb5 f4 22. Rfb1 Bf5 23. Rb6 Qg5 24. Ne1 Bd4 25. R6b5 f3 26. Qf1 Kh8 27. d6 Qf6
28. g3 Rac8 29. Nc2 Be6 30. R5b4 Ba7 31. Ra1 Rfd8 32. Rd1 Qh6 33. a3 Rc5 34. h4
Qg7 35. Rd4 Bxc4 36. Rbxc4 Rd5 37. Rxe4 Qxg3+ 38. Kh1 Qxd6 39. a4 Rd1 0-1

[Event "8MCR_4D_1L_4S"]
[Site "?"]
[Date "2008.??.??"]
[Round "?"]
[White "Kyhos, Alois"]
[Black "Alexa, Jaroslav"]
[Result "1/2-1/2"]
[WhiteElo "2121"]
[BlackElo "2353"]
[PlyCount "82"]
[EventDate "2008.??.??"]
[EventType "corr"]

1. e4 c5 2. c3 Nf6 3. e5 Nd5 4. d4 cxd4 5. Nf3 Nc6 6. Bc4 Nb6 7. Bb3 d5 8. exd6
Qxd6 9. O-O Be6 10. Bxe6 Qxe6 11. Nxd4 Nxd4 12. Qxd4 Rd8 13. Qh4 Qe2 14. Nd2 e5
15. Qg3 f6 16. Qf3 Qxf3 17. Nxf3 Na4 18. Re1 Rd7 19. Rb1 Kf7 20. Kf1 Be7 21.
Be3 Rhd8 22. Ke2 Bc5 23. a3 Ke6 24. h3 Bxe3 25. fxe3 h5 26. Rg1 g5 27. g4 h4
28. Rgc1 Nc5 29. c4 b6 30. Rd1 Nb3 31. Rxd7 Rxd7 32. Rd1 Rc7 33. Nd2 Nxd2 34.
Kxd2 Rxc4 35. b3 Rc6 36. e4 b5 37. Ra1 Rd6+ 38. Ke2 Ra6 39. Kd2 b4 40. a4 Rc6
41. Rc1 Rxc1 1/2-1/2

[Event "8MCR_4D_1L_4S"]
[Site "?"]
[Date "2008.??.??"]
[Round "?"]
[White "Kyhos, Alois"]
[Black "Ertlova, Natalie"]
[Result "1/2-1/2"]
[WhiteElo "2121"]
[BlackElo "1600"]
[PlyCount "76"]
[EventDate "2008.??.??"]
[EventType "corr"]

1. e4 e5 2. Nf3 Nc6 3. d4 exd4 4. Nxd4 Nf6 5. Nxc6 bxc6 6. e5 Qe7 7. Qe2 Nd5 8.
c4 Ba6 9. b3 O-O-O 10. g3 g5 11. Bb2 Bg7 12. Nd2 Nb4 13. Nf3 Rhe8 14. Bh3 c5
15. O-O h5 16. Bg2 Bb7 17. a3 Nc6 18. Rae1 d6 19. Qd2 dxe5 20. Qxg5 Qxg5 21.
Nxg5 Rd2 22. Bc1 Ra2 23. Bd5 Nd4 24. Bxf7 Rh8 25. h4 Bf6 26. Be6+ Kb8 27. Bd5
Bxg5 28. hxg5 Bxd5 29. cxd5 Nf3+ 30. Kg2 Nxe1+ 31. Rxe1 Rc2 32. Kh3 Rxf2 33.
Rxe5 Rf1 34. Bf4 h4 35. Re7 hxg3+ 36. Kxg3 Ka8 37. Be3 Rd1 38. Re5 Rd3 1/2-1/2

[Event "8MCR_4D_1L_4S"]
[Site "?"]
[Date "2008.??.??"]
[Round "?"]
[White "Kyhos, Alois"]
[Black "Kosek, Lubomir"]
[Result "1-0"]
[WhiteElo "2121"]
[BlackElo "2062"]
[PlyCount "155"]
[EventDate "2008.??.??"]
[EventType "corr"]

1. e4 c5 2. c3 d6 3. d4 Nf6 4. Bd3 cxd4 5. cxd4 e5 6. Nf3 Be7 7. O-O Bg4 8.
Bb5+ Bd7 9. Bxd7+ Nbxd7 10. Nc3 O-O 11. Be3 a6 12. Qd3 Rc8 13. Rfd1 Re8 14.
Rac1 Bf8 15. b4 exd4 16. Bxd4 d5 17. e5 Ng4 18. Qf5 Nh6 19. Qf4 Nb8 20. Be3 Rc4
21. Rxd5 Qc8 22. Nd1 Rxc1 23. Bxc1 Nc6 24. a3 Nf5 25. Bb2 Nfe7 26. Rd3 Ng6 27.
Qe4 Qb8 28. Qe1 f6 29. Re3 Ncxe5 30. Nxe5 fxe5 31. h4 Qc7 32. g3 Rd8 33. Qe2
Qc6 34. h5 Nh8 35. Rxe5 Nf7 36. Rf5 b5 37. Ne3 Qe6 38. Qc2 Be7 39. Kg2 Bf8 40.
Ba1 Be7 41. Ng4 h6 42. Qc3 Bf8 43. Rf4 Rd1 44. Nxh6+ Qxh6 45. Rxf7 Rxa1 46.
Rxf8+ Kxf8 47. Qxa1 Qxh5 48. Qd4 Qg6 49. Qd5 Ke7 50. Kf3 Qf6+ 51. Ke4 Qh6 52.
Qe5+ Kd7 53. g4 Qh1+ 54. f3 g6 55. Qd5+ Kc7 56. Qf7+ Kb8 57. g5 Qe1+ 58. Kd5
Qd2+ 59. Kc6 Qc3+ 60. Kb6 Qe3+ 61. Kxa6 Qxa3+ 62. Kxb5 Qd3+ 63. Kc6 Qc3+ 64.
Kd7 Qxb4 65. Qxg6 Qb7+ 66. Ke8 Qxf3 67. Qe6 Qh5+ 68. g6 Qh8+ 69. Kf7 Qh5 70.
Kg8 Qh4 71. Qe5+ Ka8 72. Qe8+ Ka7 73. g7 Kb7 74. Kf8 Qh6 75. Qb5+ Ka7 76. Qe5
Ka8 77. Kf7 Qh7 78. Qg5 1-0

[Event "8MCR_4D_1L_4S"]
[Site "?"]
[Date "2008.??.??"]
[Round "?"]
[White "Kyhos, Alois"]
[Black "Krizek, Alex"]
[Result "1-0"]
[WhiteElo "2121"]
[BlackElo "1958"]
[PlyCount "73"]
[EventDate "2008.??.??"]
[EventType "corr"]

1. e4 c5 2. c3 Nf6 3. e5 Nd5 4. d4 cxd4 5. Nf3 Nc6 6. Bc4 Nb6 7. Bb3 d6 8. exd6
e6 9. cxd4 Bxd6 10. O-O O-O 11. Nc3 Nb4 12. Re1 Bd7 13. Ne5 Be8 14. Qg4 Kh8 15.
a3 N4d5 16. Bc2 f5 17. Qg3 Be7 18. Bd2 Nxc3 19. bxc3 Rc8 20. Bb3 Nd5 21. Qh3
Qb6 22. Rab1 Qd8 23. c4 Nf6 24. Qe3 Ne4 25. Bb4 Bxb4 26. axb4 Qg5 27. Qxg5 Nxg5
28. c5 Rd8 29. Rbd1 Rf6 30. d5 exd5 31. Rxd5 Rc8 32. Red1 Ne6 33. Rd6 Nc7 34.
f3 Rf8 35. Rd8 Bh5 36. Rxf8+ Rxf8 37. Rd7 1-0

[Event "8MCR_4D_1L_4S"]
[Site "?"]
[Date "2008.??.??"]
[Round "?"]
[White "Kyhos, Alois"]
[Black "Tomisek, Petr"]
[Result "1/2-1/2"]
[WhiteElo "2121"]
[BlackElo "2186"]
[PlyCount "43"]
[EventDate "2008.??.??"]
[EventType "corr"]

1. e4 e5 2. Nf3 Nc6 3. Bb5 f5 4. Nc3 fxe4 5. Nxe4 d5 6. Nxe5 dxe4 7. Nxc6 Qg5
8. Qe2 Nf6 9. f4 Qxf4 10. Ne5+ c6 11. d4 Qh4+ 12. g3 Qh3 13. Bc4 Bd6 14. Bg5
Be6 15. O-O-O O-O-O 16. Bxe6+ Qxe6 17. Qc4 Qxc4 18. Nxc4 Bc7 19. Rhf1 Rdf8 20.
Bxf6 Rxf6 21. Rxf6 gxf6 22. Ne3 1/2-1/2

[Event "8MCR_4D_1L_4S"]
[Site "?"]
[Date "2008.??.??"]
[Round "?"]
[White "Kyhos, Alois"]
[Black "Vacek, Frantisek"]
[Result "1-0"]
[WhiteElo "2121"]
[BlackElo "2131"]
[PlyCount "121"]
[EventDate "2008.??.??"]
[EventType "corr"]

1. e4 c5 2. c3 d5 3. exd5 Qxd5 4. d4 Nf6 5. Nf3 e6 6. Na3 Nc6 7. Nb5 Qd8 8.
dxc5 Bxc5 9. Qxd8+ Kxd8 10. Bf4 Ne4 11. Rd1+ Ke7 12. Nbd4 Nxd4 13. Nxd4 g5 14.
Bc7 Bb6 15. Bxb6 axb6 16. a3 h6 17. g3 e5 18. Nb5 Nf6 19. f3 Bf5 20. Bd3 Bxd3
21. Rxd3 h5 22. h4 Rag8 23. Kf2 gxh4 24. Rxh4 Rd8 25. Re3 Nd7 26. f4 Ke6 27.
Nd4+ Kd5 28. Nf5 b5 29. Ng7 Rhg8 30. Nxh5 f6 31. Rd3+ Ke6 32. Ke2 b6 33. Rd1
Ke7 34. f5 Nc5 35. Rxd8 Rxd8 36. Rb4 Rd6 37. Rxb5 Kd8 38. Ng7 Rd7 39. Rxc5 bxc5
40. Ne6+ Ke7 41. Nxc5 Ra7 42. a4 Kd6 43. b4 Kd5 44. Kd3 e4+ 45. Nxe4 Rxa4 46.
Nxf6+ Ke5 47. Nd7+ Kxf5 48. g4+ Kxg4 49. b5 Ra7 50. Nc5 Rg7 51. b6 Rg6 52. Na4
Kf3 53. Kc4 Ke3 54. Kb5 Rg5+ 55. Nc5 Rg1 56. b7 Rb1+ 57. Kc6 Rb2 58. Na4 Rxb7
59. Kxb7 Kd3 60. Kb6 Kc4 61. Ka5 1-0

[Event "8MCR_4D_1L_4S"]
[Site "?"]
[Date "2008.??.??"]
[Round "?"]
[White "Kyhos, Alois"]
[Black "Zimniok, Lubomir"]
[Result "1-0"]
[WhiteElo "2121"]
[BlackElo "2000"]
[PlyCount "52"]
[EventDate "2008.??.??"]
[EventType "corr"]

1. e4 c5 2. c3 Nf6 3. e5 Nd5 4. Nf3 Nc6 5. Bc4 Nb6 6. Bb3 c4 7. Bc2 d5 8. exd6
e5 9. O-O Bg4 10. Re1 Bxd6 11. d3 O-O 12. dxc4 Qe7 13. Nbd2 Rfd8 14. Qe2 Bc7
15. a4 Nd7 16. h3 Be6 17. Ne4 f6 18. b3 Qf7 19. Neg5 fxg5 20. Bxh7+ Kh8 21.
Nxg5 Qe8 22. Qe4 Bf7 23. Qh4 Bh5 24. g4 Nf6 25. Bc2 Kg8 26. gxh5 e4 1-0

[Event "8MCR_4D_1L_4S"]
[Site "?"]
[Date "2008.??.??"]
[Round "?"]
[White "Mudra, Oldrich"]
[Black "Alexa, Jaroslav"]
[Result "1-0"]
[WhiteElo "2116"]
[BlackElo "2353"]
[PlyCount "81"]
[EventDate "2008.??.??"]
[EventType "corr"]

1. Nf3 Nf6 2. d4 e6 3. c4 b6 4. g3 Ba6 5. b3 Bb4+ 6. Bd2 Be7 7. Bg2 c6 8. Bc3
d5 9. Ne5 Nfd7 10. Nxd7 Nxd7 11. Nd2 O-O 12. O-O f5 13. e3 Bd6 14. a4 Nf6 15.
Bb2 Qe8 16. a5 g5 17. axb6 axb6 18. Ra2 Qe7 19. Qc2 Bb7 20. Rxa8 Rxa8 21. h3 h5
22. c5 bxc5 23. dxc5 Bc7 24. Qc3 e5 25. f4 gxf4 26. exf4 Ra2 27. b4 e4 28. Nb3
Bd8 29. Rf2 Ba6 30. Nd4 Qd7 31. Bf1 Bxf1 32. Kxf1 Ne8 33. Qb3 Ra6 34. b5 cxb5
35. Rc2 b4 36. Qxb4 Rg6 37. c6 Qf7 38. Qb8 Qc7 39. Qxc7 Bxc7 40. Nxf5 Kf7 41.
Kf2 1-0

[Event "8MCR_4D_1L_4S"]
[Site "?"]
[Date "2008.??.??"]
[Round "?"]
[White "Mudra, Oldrich"]
[Black "Ertlova, Natalie"]
[Result "1/2-1/2"]
[WhiteElo "2116"]
[BlackElo "1600"]
[PlyCount "79"]
[EventDate "2008.??.??"]
[EventType "corr"]

1. Nf3 Nf6 2. d4 d5 3. c4 e6 4. e3 c5 5. Nc3 Nc6 6. a3 a6 7. b3 g6 8. dxc5 Bxc5
9. Bb2 O-O 10. cxd5 exd5 11. Be2 Be6 12. O-O Qe7 13. b4 Ba7 14. Rc1 Rac8 15. b5
axb5 16. Bxb5 Bc5 17. a4 Na5 18. Ba1 Nc4 19. Ne2 Ne4 20. Qd3 Nxf2 21. Rxf2 Bxe3
22. Re1 Qd6 23. Ng3 Bxf2+ 24. Kxf2 Na3 25. Ne4 Qb6+ 26. Bd4 dxe4 27. Qxa3 Qd8
28. Qe3 f5 29. Ng5 Qe7 30. Nxe6 Qxe6 31. Kg1 Rfd8 32. Ba1 Qd5 33. Kh1 Rc2 34.
Bf1 Rd6 35. Rc1 Qa2 36. Qf4 Rxc1 37. Qxc1 Qxa4 38. Qc3 Qd7 39. Qh8+ Kf7 40.
Qxh7+ 1/2-1/2

[Event "8MCR_4D_1L_4S"]
[Site "?"]
[Date "2008.??.??"]
[Round "?"]
[White "Mudra, Oldrich"]
[Black "Kosek, Lubomir"]
[Result "1-0"]
[WhiteElo "2116"]
[BlackElo "2062"]
[PlyCount "69"]
[EventDate "2008.??.??"]
[EventType "corr"]

1. Nf3 Nf6 2. d4 g6 3. c4 Bg7 4. g3 d6 5. Bg2 O-O 6. O-O Nbd7 7. Nc3 c6 8. h3
a6 9. e4 e5 10. Be3 b5 11. c5 b4 12. Na4 d5 13. Bg5 Qe8 14. Bxf6 Nxf6 15. Nb6
Rb8 16. exd5 e4 17. dxc6 exf3 18. Qxf3 Qd8 19. Rad1 Be6 20. d5 Nxd5 21. Nxd5
Qa5 22. Qf4 Kh8 23. c7 Rb5 24. Rc1 Rxc5 25. Rxc5 Qxc5 26. Rc1 Qb5 27. Ne7 Qe2
28. b3 a5 29. Rc5 Bd7 30. Nc6 Qe6 31. Nxa5 Bc3 32. Nc6 Qe1+ 33. Kh2 Kg8 34. Rd5
Qe6 35. Rd6 1-0

[Event "8MCR_4D_1L_4S"]
[Site "?"]
[Date "2008.??.??"]
[Round "?"]
[White "Mudra, Oldrich"]
[Black "Kyhos, Alois"]
[Result "1/2-1/2"]
[WhiteElo "2116"]
[BlackElo "2121"]
[PlyCount "61"]
[EventDate "2008.??.??"]
[EventType "corr"]

1. Nf3 Nf6 2. d4 e6 3. c4 b6 4. g3 Bb7 5. Bg2 Be7 6. O-O O-O 7. Re1 d5 8. cxd5
exd5 9. Nc3 c5 10. Bf4 Nbd7 11. dxc5 Bxc5 12. Qb3 Ne4 13. e3 Rc8 14. Rad1 Nxc3
15. bxc3 Qe7 16. Nh4 Nf6 17. Bg5 Rfd8 18. Bh3 Ra8 19. Ng2 Ba6 20. Bxf6 Qxf6 21.
Nf4 Bc4 22. Nxd5 Bxd5 23. Rxd5 Rxd5 24. Qxd5 Rd8 25. Qc4 Rd2 26. Rf1 a5 27. Bg2
g6 28. a4 Rc2 29. Bd5 Kg7 30. Qe4 Qxc3 31. Rd1 1/2-1/2

[Event "8MCR_4D_1L_4S"]
[Site "?"]
[Date "2008.??.??"]
[Round "?"]
[White "Mudra, Oldrich"]
[Black "Sojka, Vaclav"]
[Result "1/2-1/2"]
[WhiteElo "2116"]
[BlackElo "2000"]
[PlyCount "123"]
[EventDate "2008.??.??"]
[EventType "corr"]

1. Nf3 Nf6 2. g3 d5 3. d4 e6 4. Bg2 Be7 5. O-O O-O 6. c4 dxc4 7. Qc2 a6 8. Qxc4
b5 9. Qc2 Bb7 10. Bf4 Nc6 11. Rd1 Nb4 12. Qc1 Rc8 13. Nc3 Nbd5 14. Be5 c5 15.
dxc5 Bxc5 16. Qg5 h6 17. Bxf6 Nxf6 18. Rxd8 hxg5 19. Rxc8 Rxc8 20. Nxg5 Bxg2
21. Kxg2 Bd4 22. Nd1 Rc2 23. a4 b4 24. Nf3 Bc5 25. Kf1 Ne4 26. a5 b3 27. Ne1
Bd4 28. Nd3 Nd2+ 29. Ke1 Nc4 30. Nb4 Nxb2 31. Nxc2 bxc2 32. Ne3 Nd3+ 33. Kd2
Bxa1 34. Nxc2 Nxf2 35. Nxa1 Ng4 36. Kc3 Ne5 37. Nb3 Kf8 38. Kd4 Nd7 39. Nc5 Nb8
40. Nb7 Nd7 41. h4 Ke7 42. g4 f6 43. h5 Kf7 44. Nd6+ Kf8 45. Nc8 Ke8 46. Nb6
Ne5 47. Kc5 Nxg4 48. Na4 Kd7 49. Kb6 Ne3 50. Nc5+ Kd6 51. Nb7+ Kd5 52. Kxa6 Kc6
53. Ka7 Nd5 54. Kb8 Ne7 55. a6 Kb6 56. Nd8 Kxa6 57. Nxe6 Kb6 58. Nxg7 Kc6 59.
h6 Kd7 60. h7 Ng6 61. Nh5 Ke7 62. Kc7 1/2-1/2

[Event "8MCR_4D_1L_4S"]
[Site "?"]
[Date "2008.??.??"]
[Round "?"]
[White "Mudra, Oldrich"]
[Black "Tomisek, Petr"]
[Result "1/2-1/2"]
[WhiteElo "2116"]
[BlackElo "2186"]
[PlyCount "79"]
[EventDate "2008.??.??"]
[EventType "corr"]

1. Nf3 Nf6 2. d4 c5 3. d5 b5 4. Bg5 Bb7 5. c4 Ne4 6. Bf4 Qa5+ 7. Bd2 Qb6 8. Qc2
f5 9. Nc3 bxc4 10. e3 Na6 11. Bxc4 Nb4 12. Qa4 Nxc3 13. Bxc3 Bxd5 14. Bxd5 Nxd5
15. Rd1 Qb7 16. O-O e6 17. Rfe1 Nb6 18. Qh4 d5 19. Ng5 Qe7 20. Rc1 e5 21. Qg3
Qd6 22. Bxe5 Qg6 23. h4 Be7 24. Red1 h6 25. Ne4 Qxg3 26. Nxg3 O-O 27. h5 Rad8
28. b3 Rc8 29. Ne2 Rfd8 30. Bc3 Bg5 31. Rb1 Ra8 32. b4 c4 33. Bd4 Na4 34. Kh2
Kf7 35. Kg3 Bf6 36. a3 Rd6 37. Kf4 Rad8 38. Rd2 Bxd4 39. Nxd4 Nc3 40. Ra1
1/2-1/2

[Event "8MCR_4D_1L_4S"]
[Site "?"]
[Date "2008.??.??"]
[Round "?"]
[White "Mudra, Oldrich"]
[Black "Vacek, Frantisek"]
[Result "1-0"]
[WhiteElo "2116"]
[BlackElo "2131"]
[PlyCount "63"]
[EventDate "2008.??.??"]
[EventType "corr"]

1. Nf3 Nf6 2. d4 d5 3. c4 e6 4. Nc3 c5 5. cxd5 Nxd5 6. e3 Nc6 7. Bc4 f6 8. Qe2
Nb6 9. Bb3 e5 10. O-O Bd6 11. dxe5 Nxe5 12. Nxe5 Bxe5 13. f4 Bd6 14. Rd1 Qe7
15. e4 c4 16. Bxc4 Nxc4 17. Qxc4 Bg4 18. Qb5+ Kf8 19. Rd3 a6 20. Qb3 Re8 21.
Be3 Bc5 22. Nd5 Bxe3+ 23. Nxe3 h5 24. h3 Bc8 25. Nd5 Qxe4 26. Nc7 Bf5 27. Rad1
Qe7 28. Nxe8 Bxd3 29. Rxd3 Qxe8 30. Qc4 Qe7 31. Qc8+ Kf7 32. Qxh8 1-0

[Event "8MCR_4D_1L_4S"]
[Site "?"]
[Date "2008.??.??"]
[Round "?"]
[White "Schoupal, Patrik"]
[Black "Bares, Jiri"]
[Result "1-0"]
[WhiteElo "2000"]
[BlackElo "2259"]
[PlyCount "111"]
[EventDate "2008.??.??"]
[EventType "corr"]

1. e4 c5 2. Nf3 d6 3. d4 cxd4 4. Nxd4 Nf6 5. Nc3 a6 6. Be3 e5 7. Nb3 Be6 8. h3
Be7 9. Qf3 b5 10. g4 h6 11. O-O-O Nbd7 12. Nd5 Rb8 13. Bd2 Nb6 14. Nxe7 Qxe7
15. Bb4 Rd8 16. Qe3 Nc4 17. Bxc4 bxc4 18. Nd2 O-O 19. g5 hxg5 20. Qxg5 Nd5 21.
Qxe7 Nxe7 22. Nf3 Nc8 23. Ng5 Rd7 24. a3 Re8 25. Rhg1 Rb7 26. Nxe6 Rxe6 27. Rg3
Rf6 28. Rdg1 g6 29. h4 Rxf2 30. h5 Rf4 31. hxg6 f6 32. Rh3 Nb6 33. Bxd6 Rg7 34.
Rh6 Rxe4 35. Bc5 Na4 36. Rd1 Rxg6 37. Rxg6+ Kf7 38. Rgg1 Nxc5 39. Rd5 Ne6 40.
Rd7+ Kf8 41. Rh1 Kg8 42. Rf1 Nf4 43. Rg1+ Kf8 44. Rgg7 Re1+ 45. Kd2 Re2+ 46.
Kd1 Re4 47. Rdf7+ Ke8 48. Rxf6 Rd4+ 49. Ke1 Re4+ 50. Kf2 Nh5 51. Re6+ Kf8 52.
Rc7 Rf4+ 53. Ke1 Nf6 54. Rxa6 Re4+ 55. Kf2 Rf4+ 56. Kg2 1-0

[Event "8MCR_4D_1L_4S"]
[Site "?"]
[Date "2008.??.??"]
[Round "?"]
[White "Schoupal, Patrik"]
[Black "Chvojka, Jaroslav"]
[Result "1-0"]
[WhiteElo "2000"]
[BlackElo "2231"]
[PlyCount "91"]
[EventDate "2008.??.??"]
[EventType "corr"]

1. e4 c6 2. d4 d5 3. exd5 cxd5 4. c3 Nc6 5. Nf3 Nf6 6. Bf4 Bf5 7. Qb3 Qc8 8.
Nbd2 e6 9. Nh4 Nh5 10. Be3 Bg6 11. g3 Nf6 12. Nxg6 hxg6 13. Be2 Bd6 14. O-O Qd7
15. a4 Kf8 16. Rfd1 Kg8 17. c4 Rc8 18. c5 Be7 19. h4 Kh7 20. Kg2 Rhd8 21. Nf3
Kg8 22. Rac1 Ng4 23. Bf4 Bf6 24. Qc3 Re8 25. b4 Bd8 26. Rh1 a5 27. b5 Nb4 28.
b6 Qxa4 29. Ra1 Qd7 30. Rxa5 Nc6 31. Bb5 Qe7 32. Bd6 Qd7 33. Qa3 Be7 34. Bc7
Bd8 35. Ra7 Bxc7 36. Rxb7 e5 37. dxe5 Ngxe5 38. Rd1 Qe6 39. bxc7 Re7 40. Ng5
Qd7 41. Re1 f6 42. Qa6 Qf5 43. Bxc6 Nxc6 44. Rxe7 Nxe7 45. Qd6 fxg5 46. Qxe7
1-0

[Event "8MCR_4D_1L_4S"]
[Site "?"]
[Date "2008.??.??"]
[Round "?"]
[White "Schoupal, Patrik"]
[Black "Karasova, Eva"]
[Result "1-0"]
[WhiteElo "2000"]
[BlackElo "1900"]
[PlyCount "75"]
[EventDate "2008.??.??"]
[EventType "corr"]

1. e4 e5 2. Nf3 Nc6 3. Bb5 Nf6 4. O-O Nxe4 5. d4 a6 6. Bxc6 dxc6 7. Re1 Nf6 8.
Nbd2 Be7 9. dxe5 Nh5 10. Re4 c5 11. Qe2 b6 12. b4 Bb7 13. bxc5 Bxe4 14. Qxe4 g6
15. Qc6+ Kf8 16. g3 bxc5 17. Ne4 Kg7 18. Nc3 Qc8 19. Nd5 Bd8 20. Be3 Rb8 21.
Rd1 Qf5 22. Kg2 Qxc2 23. Rd2 Qe4 24. h3 g5 25. Qxc5 Re8 26. Rd4 Qg6 27. g4 Nf4+
28. Bxf4 gxf4 29. Nxf4 Qb6 30. Qc2 Kg8 31. Rd7 Qh6 32. Qc4 Re7 33. Rd5 c6 34.
Rd6 Qf8 35. Qd3 Reb7 36. g5 Kh8 37. Nh5 Be7 38. Rh6 1-0

[Event "8MCR_4D_1L_4S"]
[Site "?"]
[Date "2008.??.??"]
[Round "?"]
[White "Schoupal, Patrik"]
[Black "Kyhos, Alois"]
[Result "1/2-1/2"]
[WhiteElo "2000"]
[BlackElo "2121"]
[PlyCount "93"]
[EventDate "2008.??.??"]
[EventType "corr"]

1. e4 e5 2. Nc3 Nf6 3. f4 d5 4. fxe5 Nxe4 5. Nf3 Be7 6. Qe2 Nxc3 7. dxc3 c5 8.
Bf4 Nc6 9. O-O-O Be6 10. h4 h6 11. a3 Qc7 12. Qf2 O-O-O 13. h5 Qa5 14. Kb1 Rhe8
15. Be2 Kb8 16. Be3 Bf8 17. Rhg1 Bg4 18. Qh4 Bc8 19. Bd3 Ka8 20. c4 d4 21. Bd2
Qb6 22. g4 Nxe5 23. Nxe5 Rxe5 24. g5 hxg5 25. Bxg5 f6 26. Bf4 Re7 27. Rdf1 Qa6
28. h6 gxh6 29. Bxh6 Re6 30. Rg8 Qd6 31. Bf4 Qb6 32. Bg6 Bd6 33. Rxd8 Qxd8 34.
Bf5 Re8 35. Bxc8 Bxf4 36. Bxb7+ Kxb7 37. Qxf4 Kb6 38. b4 Re6 39. Kb2 a6 40. Qf5
Rc6 41. Rf3 Qe7 42. Qd5 Qd6 43. Qxd6 Rxd6 44. Rf5 Rc6 45. Kb3 cxb4 46. axb4 Re6
47. Ka4 1/2-1/2

[Event "8MCR_4D_1L_4S"]
[Site "?"]
[Date "2008.??.??"]
[Round "?"]
[White "Schoupal, Patrik"]
[Black "Mudra, Oldrich"]
[Result "1-0"]
[WhiteElo "2000"]
[BlackElo "2116"]
[PlyCount "81"]
[EventDate "2008.??.??"]
[EventType "corr"]

1. e4 c6 2. d4 d5 3. e5 Bf5 4. Nf3 e6 5. Be2 Ne7 6. O-O Nd7 7. Nh4 Bg6 8. Nd2
Nf5 9. Nxg6 hxg6 10. Nf3 Be7 11. c3 Nh4 12. Nxh4 Rxh4 13. a4 Qc7 14. a5 a6 15.
g3 Rh7 16. b4 O-O-O 17. f4 Rdh8 18. Rf2 Kb8 19. Qb3 Ka8 20. c4 dxc4 21. Bxc4
Nb8 22. Be3 Rd8 23. Rc2 Qd7 24. Rac1 Qe8 25. h4 Rh8 26. Bf2 Rd7 27. Qe3 Rd5 28.
Bxd5 exd5 29. e6 f6 30. Be1 g5 31. Rh2 gxh4 32. Rxh4 Rg8 33. f5 Bd6 34. Qf3 g6
35. Rh6 Qf8 36. Rxg6 Rxg6 37. fxg6 Qh6 38. Rc2 Qxg6 39. Re2 Be7 40. g4 c5 41.
Qf5 1-0

[Event "8MCR_4D_1L_4S"]
[Site "?"]
[Date "2008.??.??"]
[Round "?"]
[White "Schoupal, Patrik"]
[Black "Sojka, Vaclav"]
[Result "1/2-1/2"]
[WhiteElo "2000"]
[BlackElo "2000"]
[PlyCount "65"]
[EventDate "2008.??.??"]
[EventType "corr"]

1. e4 c5 2. Nf3 Nc6 3. Bb5 g6 4. Bxc6 dxc6 5. d3 Bg7 6. h3 Nf6 7. Nc3 O-O 8.
Be3 b6 9. Qd2 e5 10. Bh6 Qd6 11. g4 Be6 12. O-O-O a5 13. Nh4 a4 14. Bxg7 Kxg7
15. a3 b5 16. Nf5+ Bxf5 17. exf5 b4 18. Ne4 Qd4 19. Qg5 Nxe4 20. dxe4 Qxe4 21.
Rhe1 Qc4 22. Rd7 Qa2 23. Re3 e4 24. h4 Kg8 25. fxg6 hxg6 26. h5 Qa1+ 27. Kd2
Qxb2 28. hxg6 Qg7 29. gxf7+ Rxf7 30. Qxg7+ Rxg7 31. Rxg7+ Kxg7 32. Rxe4 bxa3
33. Kc1 1/2-1/2

[Event "8MCR_4D_1L_4S"]
[Site "?"]
[Date "2008.??.??"]
[Round "?"]
[White "Sojka, Vaclav"]
[Black "Alexa, Jaroslav"]
[Result "1/2-1/2"]
[WhiteElo "2000"]
[BlackElo "2353"]
[PlyCount "65"]
[EventDate "2008.??.??"]
[EventType "corr"]

1. d4 d5 2. c4 c6 3. Nf3 e6 4. Nc3 dxc4 5. a4 Bb4 6. e3 b5 7. Bd2 a5 8. axb5
Bxc3 9. Bxc3 cxb5 10. b3 Bb7 11. d5 Nf6 12. bxc4 b4 13. Bxf6 Qxf6 14. Qa4+ Nd7
15. Nd4 e5 16. Nb3 Ke7 17. Qb5 Ba6 18. Qa4 Bb7 19. Qb5 Ba6 20. Qa4 Bb7 21. Qb5
Rhb8 22. Rxa5 e4 23. Nd4 b3 24. Be2 Bxd5 25. Qxd5 Rxa5 26. Qxa5 b2 27. Kd2 b1=Q
28. Rxb1 Rxb1 29. c5 Qxf2 30. Nc6+ Kf6 31. Qc3+ Kg6 32. Ne7+ Kh6 33. Ng8+
1/2-1/2

[Event "8MCR_4D_1L_4S"]
[Site "?"]
[Date "2008.??.??"]
[Round "?"]
[White "Sojka, Vaclav"]
[Black "Ertlova, Natalie"]
[Result "1/2-1/2"]
[WhiteElo "2000"]
[BlackElo "1600"]
[PlyCount "73"]
[EventDate "2008.??.??"]
[EventType "corr"]

1. d4 d5 2. c4 c6 3. Nf3 Nf6 4. Nc3 e6 5. Bg5 h6 6. Bh4 dxc4 7. e4 g5 8. Bg3 b5
9. Be2 Bb7 10. h4 g4 11. Ne5 Nbd7 12. Nxd7 Qxd7 13. Be5 Qe7 14. b3 Rg8 15. bxc4
b4 16. Na4 Nxe4 17. Bd3 f6 18. Bxe4 fxe5 19. dxe5 Qd7 20. Qxd7+ Kxd7 21. O-O-O+
Kc7 22. f4 gxf3 23. gxf3 Rd8 24. Rxd8 Kxd8 25. Kc2 Kc7 26. Nb2 Bc5 27. Nd3 Bd4
28. Rd1 Rg2+ 29. Kb3 c5 30. Bxb7 Kxb7 31. a3 bxa3 32. Kxa3 Re2 33. Re1 Rxe1 34.
Nxe1 Bxe5 35. Nd3 Bd6 36. h5 Kc6 37. Nf2 1/2-1/2

[Event "8MCR_4D_1L_4S"]
[Site "?"]
[Date "2008.??.??"]
[Round "?"]
[White "Sojka, Vaclav"]
[Black "Kosek, Lubomir"]
[Result "1-0"]
[WhiteElo "2000"]
[BlackElo "2062"]
[PlyCount "87"]
[EventDate "2008.??.??"]
[EventType "corr"]

1. Nf3 Nf6 2. c4 g6 3. Nc3 Bg7 4. d4 O-O 5. g3 d6 6. Bg2 Nbd7 7. O-O c6 8. e4
a6 9. h3 e5 10. d5 c5 11. Qc2 Ne8 12. Bg5 f6 13. Be3 Nc7 14. a4 f5 15. a5 b5
16. axb6 Nxb6 17. Qe2 f4 18. Bd2 g5 19. g4 Rb8 20. Rfb1 h5 21. Nh2 hxg4 22.
Nxg4 Bxg4 23. hxg4 Qf6 24. Bf3 Nd7 25. Na2 Rb7 26. Ba5 Rfb8 27. Nc1 Ne8 28. Nd3
Rb3 29. Qd2 Qg6 30. Bc3 Ndf6 31. Qc2 Nc7 32. Nc1 R3b7 33. Kg2 Kf7 34. Nd3 Rb3
35. Bxe5 Nxg4 36. Bxg4 Bxe5 37. Nxe5+ dxe5 38. Rh1 Kg8 39. Bf5 Qf6 40. Rh5 g4
41. Rah1 Rh3 42. R1xh3 gxh3+ 43. Kxh3 Ne8 44. Be6+ 1-0